Návrh opatrení na zlepšenie využívania digitálneho marketingu v podmienkach ZELPAK, spol. s r.o.

Enregistré dans:
Détails bibliographiques
Auteur principal: Paldan, Marián (Auteur)
Autres auteurs: Stareček, Augustín (Directeur de thèse)
Format: Manuscrit Livre
Langue:slovaque
Publié: 2021
Sujets:
Accès en ligne:http://is.stuba.sk/zp/portal_zp.pl?podrobnosti=153445
Tags: Ajouter un tag
Pas de tags, Soyez le premier à ajouter un tag!

MARC

LEADER 00000ntm a22000003a 4500
001 stuzp83476
003 SK-STU
005 20210703211959.6
007 ta
008 150427s2015----xo-----f-mn---000-0-slo-d
040 |a STU  |b slo 
041 0 |a slo 
100 1 |a Paldan, Marián  |u 064000  |4 aut  |U MTF Materiálovotechnologická fakulta  |T MTF Ústav priemyselného inžinierstva a manažmentu  |X 99680  |U M4000  |Y 84  |7 99680 
242 0 1 |a Proposal of measures to improve the use of digital marketing in the conditions of ZELPAK, spol. s r.o.  |y eng 
245 1 0 |a Návrh opatrení na zlepšenie využívania digitálneho marketingu v podmienkach ZELPAK, spol. s r.o. 
260 |c 2021 
650 4 |a sociálne siete  |2 slo 
650 4 |a marketingová komunikácia  |2 slo 
650 4 |a marketingové nástroje  |2 slo 
650 4 |a budovanie značky  |2 slo 
650 4 |a dizajn manuál  |2 slo 
650 4 |a brand building  |2 eng 
650 4 |a marketing communication  |2 eng 
650 4 |a marketing tools  |2 eng 
650 4 |a social networks  |2 eng 
650 4 |a design manual  |2 eng 
700 1 |a Stareček, Augustín  |u 064000  |k Z2  |4 ths  |U MTF Materiálovotechnologická fakulta  |T MTF Ústav priemyselného inžinierstva a manažmentu  |X 45682  |U M4000  |Y 84  |7 A000045682 
856 4 |u http://is.stuba.sk/zp/portal_zp.pl?podrobnosti=153445 
996 |c M* BP-9166  |l MMSKP  |s P  |a 0  |w stuzp83476_0001